| 000 | 00000nam 2200000zi 4500 |
| 001 | 9.948842 |
| 003 | CaOODSP |
| 005 | 20250310101745 |
| 006 | m o d f |
| 007 | cr cn||||||||| |
| 008 | 250206e202405##oncado ob f000 0 fre d |
| 040 | |aCaOODSP|bfre|erda|cCaOODSP |
| 043 | |an-cn--- |
| 086 | 1 |aIu86-83/2024F-PDF |
| 245 | 00|aTourisme 2030 : |bun monde de possibilités. |
| 264 | 1|a[Ottawa] : |bDestination Canada, |cmai 2024. |
| 300 | |a1 ressource en ligne (49 pages) : |billustrations, graphiques, photographies |
| 336 | |atexte|btxt|2rdacontent/fre |
| 337 | |ainformatique|bc|2rdamedia/fre |
| 338 | |aressource en ligne|bcr|2rdacarrier/fre |
| 500 | |aTitre de la couverture. |
| 500 | |aPublié aussi en anglais sous le titre : Tourism 2030: a world of opportunity. |
| 504 | |aComprend des références bibliographiques. |
| 520 | |a« Conscients que Destination Canada joue un rôle essentiel dans le développement de l’économie touristique du Canada, nous sommes déterminés à améliorer les performances du secteur du tourisme d’ici [2030]. Le mandat législatif de Destination Canada vise à : Soutenir une industrie touristique canadienne dynamique et rentable; Présenter le Canada comme une destination touristique attrayante; Soutenir une relation de coopération entre le secteur privé et les gouvernements du Canada, des provinces et des territoires en ce qui concerne le tourisme canadien; Fournir des informations sur le tourisme canadien au secteur privé et aux gouvernements du Canada, des provinces et des territoires » -- Notre mandat, page 6. |
| 650 | 6|aTourisme|xAspect social|zCanada. |
| 650 | 6|aTourisme|xAspect économique|zCanada. |
| 650 | 6|aTourisme|zCanada|xMarketing. |
| 710 | 2 |aDestination Canada, |eorganisme de publication. |
| 775 | 08|tTourism 2030: |w(CaOODSP)9.948343 |
| 856 | 40|qPDF|s2.47 Mo|uhttps://publications.gc.ca/collections/collection_2025/dc/Iu86-83-2024-fra.pdf |